| 000 | 01356nam0a22002651 4500 | ||
|---|---|---|---|
| 001 | rc\4250859 | ||
| 005 | 20130416113956.8 | ||
| 021 |
_aRU _b[67-89494] |
||
| 035 | _a(NLR Aleph) 008476209 | ||
| 090 |
_a7961211 _c7961211 |
||
| 100 | _a20130416d1967 |||y0rusy50 ca | ||
| 101 | 0 | _arus | |
| 102 | _aRU | ||
| 105 | _ay z |||h| | ||
| 200 | 1 |
_aПредстадии, скрытые стадии и профилактика некоторых заболеваний эндокринной системы _e(К 82-летию со дня основания) _eАктовая речь. (25 окт. 1967) _fДейств. чл. АМН СССР проф. В.Г. Баранов _gМ-во здравоохранения СССР. Ленингр. гос. ордена Ленина ин-т усовершенствования врачей им. С.М. Кирова |
|
| 210 |
_a[Ленинград] _cНаука _d1967 |
||
| 215 |
_a16 с. _d21 |
||
| 300 | _aНа обл. только подзаголовок | ||
| 606 |
_aЭндокринные железы _xБолезни _2psbo |
||
| 700 | 1 |
_aБаранов _bВ. Г. _cд-р мед. наук, эндокринология _f1900-1988 _gВасилий Гаврилович _3RU\NLR\AUTH\770193750 _4340 |
|
| 801 | 0 |
_aRU _bNLR _gpsbo |
|
| 801 | 1 |
_aRU _bELAR _2rusmarc |
|
| 852 |
_aNLR _j67-6/13333 |
||
| 942 | _cBOOK | ||
| 980 | _aNB | ||